000 00714nam a2200265Ia 4500
005 20260121172616.0
008 008 260114s9999 xx 000 0 eng d
020 _a9789811610561
037 _aEBOOK
040 _aCRL
040 _beng
040 _cCRL
041 _2eng
041 _aeng
084 _qCRL
100 _aPradeep Kumar Mallick, Akash Kumar Bhoi, Gonçalo Marques, Victor Hugo C. de Albuquerque
_91090509
245 0 _aCognitive Informatics and Soft Computing
260 _bSpringer
260 _bSpringer
260 _c2021
856 _uhttps://link.springer.com/openurl?genre=book&isbn=978-981-16-1056-1
942 _cEBOOK
999 _c1656249
_d1656249